VILO - Przylądki świata + inne - Statystyki

Ogólne statystyki
  • Ten quiz został rozwiązany 53 razy
  • Średni wynik to 7 z 9
Odpowiedzi na mapie
Odpowiedzi zakodowano w zielono-czerwonej skali na mapie do tego quizu, zgodnie z poniższymi procentami.
 
Statystyki odpowiedzi
Odpowiedź % Poprawnych
Pojezierze Fińskie
97%
Wielka Rafa Koralowa
94%
Wielkie Równiny Prerii
94%
Wodospad Salto Angel
88%
Przylądek Roca
85%
Przylądek Zielony
85%
Przylądek Dobrej Nadziei
71%
Przylądek Horn
62%
Przylądek Igielny
53%
Nie znaleziono quizów pasujących do podanych kryteriów
Rozkład punktacji
Procent ludzi z każdym wynikiem
Percentyl według liczby udzielonych odpowiedzi
Twoja historia wyników
Nie rozwiązałeś tego quizu